00416nam a2200157 a 450000100060000000300090000600800410001502000150005604000280007108200160009910000170011524500510013226000420018330000110022565000220023617299CO-ViMGA141112s2004 ck r 000 u spa d a8424901479 aCO-ViMGAbspacCO-ViMGA04a801.9 R347f1 aReis, Carlos10aFundamenos y tecnicas del análisis literario aMadríd (España), cGredos, c1989 a415.p.14aCRITICA LITERARIA